000
00253nam a2200109Ia 4500
005
20251222114355.0
008
251222s1900||||xx |||||||||||||| ||spa||
082
_a
DVD0099/G79/1989
245
0
_a
Historia del hombre
264
_b
Barzyk, Fred
942
_c
DVD
999
_c
1397
_d
1397